Descubre la ciencia / (Registro nro. 10408)

Detalles MARC
000 -LIDER
fixed length control field 00662nam a2200241 a 4500
001 - NÚMERO DE CONTROL
Identificador de número de control 0000413
003 - IDENTIFICACDOR DE NÚMERO DE CONTROL
control field DO-SdBNP
005 - DATE AND TIME OF LATEST TRANSACTION
control field 20180223153014.0
007 - CAMPOS FIJOS DE DESCRIPCIÓN FÍSICA
fixed length control field 0000413
008 - ELEMENTOS DE LONGITUD FIJA
fixed length control field 091125s 1977 sp a 000 0 spa d
020 ## - ISBN
International Standard Book Number 8474040701
040 ## - FUENTE DE CATALOGACIÓN
Agencia que crea de manera original el registro BPMSU
Idioma de catalogación spa
Agencia que realiza la transcripción BPMSU
082 #4 - NÚMERO DE CLASIFICACIÓN DECIMAL DE DEWEY
Classification number xxxx
Item number xxxx
245 00 - MENCIÓN DE TITULO
Título Descubre la ciencia /
Mención de responsabilidad traductor Julio Lapuente
260 ## - PUBLICACIÓN, DISTRIBUCIÓN, ETC. (PIE DE IMPRENTA)
Lugar de publicación, distribución, etc Madrid :
Nombre del editor, distribuidor, etc. Edival ,
Fecha de publicación, distribución, etc 1977.
300 ## - DESCRIPCIÓN FÍSICA
Extensión 151 p. :
Otros detalles físicos il. ;
Dimensiones 32 cm.
534 ## - NOTA SOBRE LA VERSIÓN ORIGINAL
Asiento principal del original Children´s picture, Encyclopedia-Fun wiht sciencie
700 12 - ASIENTO SECUNDARIO -- NOMBRE PERSONAL
Nombre personal Lapuente, Julio,
Mención de responsabilidad trad.
910 ## - VALIDACIÓN
Validación
942 ## - ADDED ENTRY ELEMENTS (KOHA)
Source of classification or shelving scheme Dewey Decimal Classification
Koha item type Libros
945 ## - INFORMACIÓN DE PROCESAMIENTO LOCAL
Información de procesamiento local Inventariado, 2018 / BT
956 ## - LOCAL ELECTRONIC LOCATION AND ACCESS (OCLC)
Nombre de host Yngrid Lockward
Número de acceso 10
Existencias
Withdrawn status Lost status Source of classification or shelving scheme Damaged status Not for loan Collection code Home library Current library Date acquired Source of acquisition Total Checkouts Barcode Date last seen Price effective from Koha item type
    Dewey Decimal Classification     Colección Infantil General Biblioteca Pública Metropolitana Salomé Ureña Biblioteca Pública Metropolitana Salomé Ureña 02/23/2018 GALERIA DE ARTE MODERNO   BPMSU18020262 02/23/2018 02/23/2018 Libros